000 00384nam a2200145Ia 4500
008 150201s2006 xx 000 0 und d
082 _a612.015
_bB2006L
100 _aLAL HARBAS
245 2 _aA TEXTBOOK OF BIOCHEMISTRY FOR DENTAL STUDENTS
250 _a3RD
260 _bC.B.S PUBLISHERS & DISTRIBUTERS
_aDELHI
_c2006
300 _a1-354
650 _aBIOCHEMISTRY
942 _2ddc
_cBK
999 _c4203
_d4203